Construyendo la «Nueva Argentina». Cultura Ciudadana y la consolidación de la política educativa del peronismo (1952-1955) (Record no. 176655)
[ view plain ]
| 000 -CABECERA | |
|---|---|
| campo de control de longitud fija | 02021nab a2200325 a 4500 |
| 005 - FECHA Y HORA DE LA ÚLTIMA TRANSACCIÓN | |
| campo de control | 20210219162449.0 |
| 008 - ELEMENTOS DE LONGITUD FIJA--INFORMACIÓN GENERAL | |
| campo de control de longitud fija | 991125s1985 mx 000 0 spa u |
| 035 ## - NÚMERO DE CONTROL DEL SISTEMA | |
| Número de control de sistema | UPN01000204554 |
| 049 ## - COLECCIÓN | |
| Colección | ART-E |
| 100 1# - ASIENTO PRINCIPAL--NOMBRE PERSONAL | |
| Nombre de persona | Cora, Gabriel Darío |
| 100 1# - ASIENTO PRINCIPAL--NOMBRE PERSONAL | |
| Filiación | gcorasavino@yahoo.com.ar |
| 100 1# - ASIENTO PRINCIPAL--NOMBRE PERSONAL | |
| Nombre de persona | Rodríguez, Martha |
| 100 1# - ASIENTO PRINCIPAL--NOMBRE PERSONAL | |
| Filiación | mrod@fibertel.com.ar |
| 222 #0 - TÍTULO CLAVE | |
| Título clave | ESPACIO, TIEMPO Y EDUCACION |
| 245 00 - MENCIÓN DE TÍTULO | |
| Título | Construyendo la «Nueva Argentina». Cultura Ciudadana y la consolidación de la política educativa del peronismo (1952-1955) |
| 260 ## - PUBLICACIÓN, DISTRIBUCIÓN, ETC. | |
| Lugar de publicación, distribución, etc. | España |
| 300 ## - DESCRIPCIÓN FÍSICA | |
| Extensión | 187-205 |
| 362 0# - FECHAS DE PUBLICACIÓN Y/O DESIGNACIÓN SECUENCIAL | |
| Fecha de publicación y/o designación secuencial | 2015 Vol. 2, no. 1, ene.-jun. |
| 336 ## - TIPO DE CONTENIDO | |
| Término de tipo de contenido | texto$2rdacontent |
| 337 ## - TIPO DE MEDIO | |
| Nombre/término del tipo de medio | computadora$2rdamedia |
| 338 ## - TIPO DE SOPORTE | |
| Nombre/término del tipo de soporte | recurso en linea$2rdacarrier |
| 520 3# - NOTA DE RESUMEN, ETC. | |
| Sumario, etc. | Si bien durante el primer gobierno peronista las intervenciones y reformas fueron en sus inicios poco significativas en lo que atañe a los contenidos curriculares, hacia fines de la década de 1940 conciencia cívica y Justicialismo comenzaban a aventurarse en el sistema educativo argentino. Los planes de estudio para el Nivel Medio se reordenaban y, poco tiempo después, se incluyó entre el conjunto de materias la asignatura Cultura Ciudadana, vigente entre marzo de 1953 y octubre de 1955. Ésta se constituyó en plataforma de difusión de los postulados introducidos en la Reforma Constitucional de 1949 y en el Segundo Plan Quinquenal, y es el objeto de estudio de este artículo. A partir del estudio de los libros de texto y los programas de Cultura Ciudadana se analiza la vinculación entre educación y política en el período considerado, al mismo tiempo que las formas y características con que el núcleo dogmático del peronismo clásico se capilariza en la sociedad. |
| 653 0# - TERMINO DE INDIZACION - NO CONTROLADO | |
| Término no controlado | LIBROS DE TEXTO |
| 653 0# - TERMINO DE INDIZACION - NO CONTROLADO | |
| Término no controlado | SISTEMA EDUCATIVO |
| 653 0# - TERMINO DE INDIZACION - NO CONTROLADO | |
| Término no controlado | CULTURA CIUDADANA |
| 653 0# - TERMINO DE INDIZACION - NO CONTROLADO | |
| Término no controlado | PERONISMO |
| 856 4# - LOCALIZACIÓN Y ACCESO ELECTRÓNICOS | |
| Identificador Uniforme del Recurso | <a href="http://www.espaciotiempoyeducacion.com/ojs/index.php/ete/article/view/22/30">http://www.espaciotiempoyeducacion.com/ojs/index.php/ete/article/view/22/30</a> |
| 905 ## - TIPO DE MATERIAL | |
| Tipo de material | Articulo |
No items available.
